Missing Word: Britney Spears Songs (A-Z) Quiz Stats

 Plays Quiz Updated Feb 5, 2018

Challenge
Share
Tweet
Embed
Score 0/22 Timer 03:00
0 Plays Today
Song Title Missing Word % Correct
Oops!... I _____ It AgainDid
98.5%
(You Drive Me) _____Crazy
98.2%
I'm ____ a Girl, ____ Yet a WomanNot
96%
...Baby One More _____Time
95.9%
Thinkin' About _____You
95.4%
Till the World _____Ends
94.8%
_____ the Bottom of My Broken HeartFrom
93.3%
Piece _____ MeOf
92.9%
_____ Like MeJust
89.6%
_____ It Against MeHold
85.9%
Ooh _____ _____La
84.5%
Song Title Missing Word % Correct
Don't Let Me Be the Last to ____Know
83%
Break the _____Ice
72.9%
I'm a _____ 4 USlave
67%
_____ to Make You HappyBorn
59.5%
Someday (I Will _____)Understand
53.5%
If U Seek _____Amy
53.3%
_____ MoreGimme
52.1%
I ____ GoWanna
47%
Me Against the _____Music
37%
_____ Me InRock
15.4%
Mmm _____Papi
15%

Today's Daily Dose

You're not logged in!

Compare scores with friends on all Sporcle quizzes.
Join for Free
OR
Log In

You Might Also Like...

Show Comments

Extras

Top Quizzes Today


Score Distribution

Your Account Isn't Verified!

In order to create a playlist on Sporcle, you need to verify the email address you used during registration. Go to your Sporcle Settings to finish the process.

Report this User

Report this user for behavior that violates our Community Guidelines.

Details: